Niektoré aspekty z oblasti verného a pravdivého obrazu (súladu s rámcom finančného vykazovania) - na formovanie stanoviska audítora (na druh audítorskej správy)

Definícia auditu a audítorskej správy. Cieľ auditu finančných výkazov. Formovanie stanoviska audítora k finančným výkazom.

Salvato in:
Dettagli Bibliografici
Autore principale: Kareš, Ladislav
Natura: Capitolo di libro
Lingua:slovacco
Soggetti:
Tags: Aggiungi Tag
Nessun Tag, puoi essere il primo ad aggiungerne!!

MARC

LEADER 00000naa$a2200000$$$4500
001 0207566
005 20240502073442.1
041 0 |a slo 
044 |a SK 
245 1 0 |a Niektoré aspekty z oblasti verného a pravdivého obrazu (súladu s rámcom finančného vykazovania) - na formovanie stanoviska audítora (na druh audítorskej správy)  |c Ladislav Kareš 
520 |a Definícia auditu a audítorskej správy. Cieľ auditu finančných výkazov. Formovanie stanoviska audítora k finančným výkazom. 
610 2 0 |a audit finančný 
610 2 0 |a audítori 
610 2 0 |a výkazy finančné 
610 2 0 |a štandardy audítorské medzinárodné 
100 1 |a Kareš, Ladislav